Microsoft Project 2013 / (Record no. 82694)

MARC details
000 -LEADER
fixed length control field 00717nam a22002297a 4500
005 - DATE AND TIME OF LATEST TRANSACTION
control field 20140314111829.0
010 ## - LCCN (DPL NO)
LC control number ENG-109383
020 ## - INTERNATIONAL STANDARD BOOK NUMBER
International Standard Book Number 9788120349117
Terms of availability 395.00
035 ## - SYSTEM CONTROL NUMBER
System control number EN-92916
037 ## - SOURCE OF ACQUISITION
Source of stock number/acquisition DBAD/PUB
082 ## - DEWEY DECIMAL CLASSIFICATION NUMBER
Classification number 658.404028553
100 ## - MAIN ENTRY--PERSONAL NAME
Personal name Howard, Ben
245 ## - TITLE STATEMENT
Title Microsoft Project 2013 /
Statement of responsibility, etc by Ben Howard
246 ## - VARYING FORM OF TITLE
Title proper/short title Microsoft Project 2013 plain & simple
260 ## - PUBLICATION, DISTRIBUTION, ETC. (IMPRINT)
Place of publication, distribution, etc Delhi
Name of publisher, distributor, etc PHI Learning
Date of publication, distribution, etc 2014
270 ## - ADDRESS
Address RImjhim House, 111, Patparganj Industrial Estate
City Delhi
Postal code 110092
300 ## - PHYSICAL DESCRIPTION
Extent xi,221p.:
Dimensions 23cm(pbk)
Other physical details ill.
490 ## - SERIES STATEMENT
Series statement Plain & simple
500 ## - GENERAL NOTE
General note Includes index
650 ## - SUBJECT ADDED ENTRY--TOPICAL TERM
Topical term or geographic name as entry element Project management
General subdivision Computer programs.
942 ## - ADDED ENTRY ELEMENTS (KOHA)
Source of classification or shelving scheme Dewey Decimal Classification
Item type English Books
Call number suffix HOW
Classification part 658.404028553
Holdings
Withdrawn status Lost status Not for loan Collection code Home library Current library Date acquired Source of acquisition Cost, normal purchase price Full call number Barcode Copy number Cost, replacement price Koha item type
    Not For Loan Non-fiction D.B.Act.Division D.B.Act.Division 24/02/2014 DBAD/PUB 395.00 658.404028553 HOW EN-92916 1 395.00 English Books

© Delhi Public Library
Hit Counter
free hit counter